| 000 | 00485nam a2200193 a 4500 | ||
|---|---|---|---|
| 001 | 5935 | ||
| 003 | CO-ViMGA | ||
| 008 | 141112s2004 ck r 000 u spa d | ||
| 040 |
_aCO-ViMGA _bspa _cCO-ViMGA |
||
| 082 | 0 | 4 | _aCo863.44 C142q |
| 100 | 1 |
_aCaicedo, Andres _94539 |
|
| 245 | 1 | 0 | _aQue viva la música |
| 250 | _a6a | ||
| 260 |
_aBogotá : _bPlaza y Janes, _c1996 |
||
| 300 | _a194 p | ||
| 490 | _aCultura colombiana, 15 | ||
| 650 | 1 | 4 |
_aNOVELA COLOMBIANA _91193 |
| 942 |
_2ddc _cBK |
||
| 999 |
_c17911 _d17911 |
||